Govt. of
Madhya Pradesh

Women's Stastus In North-Easternl India (Record no. 49780)

MARC details
000 -LEADER
fixed length control field 00427nam a22001817a 4500
001 - CONTROL NUMBER
control field MACL
003 - CONTROL NUMBER IDENTIFIER
control field MACL
005 - DATE AND TIME OF LATEST TRANSACTION
control field 20150707142041.0
008 - FIXED-LENGTH DATA ELEMENTS--GENERAL INFORMATION
fixed length control field MACL
040 ## - CATALOGING SOURCE
Transcribing agency MACL
041 ## - LANGUAGE CODE
Language code of text/sound track or separate title English
082 ## - DEWEY DECIMAL CLASSIFICATION NUMBER
Classification number 307
100 ## - MAIN ENTRY--PERSONAL NAME
Personal name Phadke, Sindhu
9 (RLIN) 121
245 ## - TITLE STATEMENT
Title Women's Stastus In North-Easternl India
260 ## - PUBLICATION, DISTRIBUTION, ETC. (IMPRINT)
Place of publication, distribution, etc. New Delhi
Name of publisher, distributor, etc. Decent Books
Date of publication, distribution, etc. 1100
650 ## - SUBJECT ADDED ENTRY--TOPICAL TERM
Topical term or geographic name as entry element Sociology
9 (RLIN) 19
942 ## - ADDED ENTRY ELEMENTS (KOHA)
Source of classification or shelving scheme
Koha item type Books
Classification part 307
Call number prefix 307/PHA
Holdings
Withdrawn status Lost status Source of classification or shelving scheme Damaged status Not for loan Home library Current library Date acquired Cost, normal purchase price Total Checkouts Full call number Barcode Date last seen Price effective from Koha item type
          MACL MACL 07/07/2015 1100.00   307/PHA CRE025044 02/05/2024 14/06/2015 Books